Philosophie : concepts marxistes - Statistiques

Statistiques générales
  • Ce quiz a été pris 644 fois
    635 depuis la dernière actualisation
  • Le résultat moyen est 8 sur 16
Statistiques - réponses
définition/description concept % Correct
Société sans classes sociales Communisme
84%
Idée métaphysique selon laquelle il n'existe que de la matière. Matérialisme
80%
Classe qui vend sa force de travail aux capitalistes. Prolétariat
75%
Classe propriétaire des moyens de productions. Bourgeoisie
72%
Opposition entre groupes sociaux aux intérêts contraires, aux modes de vie divergents et dont les revenus trouvent des origines différentes. Lutte des classes
71%
Processus par lequel un sujet est dépossédé de ce qui fait de lui un être humain pour le transformer en un autre, voire en quelque chose d'hostile à lui-même. Aliénation
54%
Méthode d'analyse des relations contradictoires dans une période historique donnée qui sont à l'origine du mouvement de l'histoire. Dialectique
50%
Période transitoire entre la société capitaliste et le communisme de mise en place du collectivisme économique, de socialisation des biens et de suppression de la propriété privée des moyens de production. Dictature du prolétariat
47%
À la base de l'accumulation capitaliste, valeur du travail non payé effectué par les travailleurs. Plus-value ou survaleur
46%
idée que le mouvement de l'histoire est déterminé par des facteurs matériels socio-économiques. Matérialisme historique
43%
Domination des forces du capital sur les forces du travail qui passe par l'exploitation des travailleurs par les possédants qui leurs substituent le fruit de leur travail. Capitalisme
35%
Activité de production. Prolongement de l'humain, objectifie ses qualités strictement humaines, lie l'humain aux autres individus en entraînant une relation de reconnaissance avec les autres. Travail
35%
Travail non nécessaire effectué par le travailleur dont il ne reçoit par la rétribution en salaire. Surtravail
22%
Phénomène dans les sociétés capitalistes au sein duquel les marchandises sont perçues à tort comme capables de posséder une valeur par elles-mêmes, s'autonomisant des rapports sociaux à l'origine de leur production. Fétichisme de la marchandise
15%
Forme objective de la valeur. Monnaie
14%
Mystification, illusion collective que les humains produisent sur eux-mêmes, fruit d'une situation sociale et qui justifie l'ordre instauré en faveur de la classe dominante. Idéologie
13%
Aucun quiz correspondant
Distribution des résultats
% des personnes avec chaque résultat
Percentile par nombre de réponses
Votre historique - résultats
Vous n’avez pas pris ce quiz depuis la dernière actualisation